Trường điện từ

Сохранить в:
Библиографические подробности
Главный автор: Ngô Nhật ảnh
Формат:
Язык:Undetermined
Опубликовано: Tp. HCM ĐHQG 2000
Предметы:
Метки: Добавить метку
Нет меток, Требуется 1-ая метка записи!
Thư viện lưu trữ: Trung tâm Học liệu Trường Đại học Cần Thơ
LEADER 00510nam a2200181Ia 4500
001 CTU_48307
008 210402s9999 xx 000 0 und d
082 |a 530.141 
082 |b A107 
100 |a Ngô Nhật ảnh 
245 0 |a Trường điện từ 
245 0 |c Ngô Nhật ảnh, Trương Trọng Tuấn Mỹ 
260 |a Tp. HCM 
260 |b ĐHQG 
260 |c 2000 
650 |a electromagnetic fields 
904 |i Minh 
980 |a Trung tâm Học liệu Trường Đại học Cần Thơ